000 01305nam a2200277 4500
003 EG-GICUC
005 20260503144947.0
008 260503s2015 ua ||||fr|||| 00| 0 ara d
040 _a EG-GICUC
_bara
_c EG-GICUC
_d EG-GICUC
_erda
082 0 4 _221
_a343.3192
_bم ؤ . م
092 0 4 _221
099 _aLaw 10 343.3192 م ؤ . م 2015
111 _aالمؤتمر السنوي الحادي عشر للجمعية العلمية لكليات الحقوق العربية
_cكلية الحقوق - جامعة القاهرة
_d2015
_n11
_eAuthor.
245 1 2 _aالمواجهة القانونبة للإرهاب بين اعتبارات الفاعلية واحترام حقوق الانسان /
_c الجمعية العلمية لكليات الحقوق العربية .
264 1 _aالقاهرة :
_bكلية الحقوق - جامعة القاهرة,
_c2015.
300 _a239 صفحة
_bإيضاحيات، صور، مثيليات ؛
_c24 سم
336 _2rda content
_atext
337 _2rda media
_aComputer
338 _2rda carrier
_aOnline Resource
504 _a. 240-220 ببليوجرافيا: صفحات.
650 1 _aالقانون الجنائي
_2qrmak
651 1 _2qrmak
856 4 0 _uhttps://fll.law.cu.edu.eg/fulltext/bks/B07-06265.pdf
905 _a31
942 _2ddc
_n0
_cBK
_e21
999 _c75215
_d75215